| 000 | 00547nam a22002057a 4500 | ||
|---|---|---|---|
| 999 |
_c6338 _d6338 |
||
| 003 | OSt | ||
| 005 | 20190930153342.0 | ||
| 008 | 190930b ||||| |||| 00| 0 eng d | ||
| 020 | _a 9788123904153 | ||
| 020 | _a8123904150 | ||
| 040 | _cDNLM | ||
| 082 | _aQV744 A41a 1995 | ||
| 100 |
_aAli, Mohammed _91641 |
||
| 245 | _aTextBook of Pharmaceutical Chemistry-1(inorganic) | ||
| 260 |
_aNew Delhi; _bCBS Publishers, _c1995 |
||
| 300 |
_avi,314p; _bIll: _c21cm |
||
| 504 | _aIndex included | ||
| 650 |
_aPharmaceuticals _95840 |
||
| 942 |
_2z _cB_BANK |
||